Movies Quiz

Random Movies Quiz

Drama Movie Posters Quiz Stats

Quiz Updated Nov 15, 2015

Challenge
Share
Tweet
Score 0/20 Timer 04:00
2 Plays Today
Picture Movie % Correct
Titanic
98.7%
The Godfather
95.8%
Black Swan
94.2%
Gladiator
93.8%
Rocky
90.3%
Good Will Hunting
89.1%
The Dark Knight
87.9%
Slumdog Millionaire
82.6%
Million Dollar Baby
79.7%
Lawrence of Arabia
78.9%
Picture Movie % Correct
The Shawshank Redemption
77.2%
Casablanca
75.6%
Dances With Wolves
74.9%
12 Years A Slave
73.3%
Schindler's List
69.1%
Platoon
68.1%
Citizen Kane
60%
Metropolis
43%
Mystic River
41.3%
Gone Girl
25.7%

You're not logged in!

Compare scores with friends on all Sporcle quizzes.
Join for Free
OR
Log In

You Might Also Like...

Show Comments

Extras

Top Quizzes Today


Score Distribution

Your Account Isn't Verified!

In order to create a playlist on Sporcle, you need to verify the email address you used during registration. Go to your Sporcle Settings to finish the process.

Report this User

Report this user for behavior that violates our Community Guidelines.

Details: